| 000 | 01149cas a22002415 4500 | ||
|---|---|---|---|
| 001 | L147746 | ||
| 008 | 110214c2010 xxuqr ws s 0 a0eng u | ||
| 035 | _a(Sirsi) u147746 | ||
| 041 | 0 | _aeng | |
| 050 | _a333.33 $2 18 | ||
| 110 | 2 |
_aGrubb & Ellis _95905 |
|
| 245 | 0 | 0 |
_aIndustrial Market Trends United States _h[electronic resource] |
| 260 |
_aSanta Ana _bGrubb & Ellis _c2010- |
||
| 362 | 0 | _aCurrent quarterly issue only | |
| 490 | 0 |
_aIndustrial Market Trends United States _vQ3 2010- |
|
| 520 | _aPresents an overview of the US industrial vacancy rate and details of total market vacancy rates in over 50 city areas across the United States. Analyses the state of the market and lists asking rental rates. Concludes with a metro spotlight section covering industrial market trends by region. Tables. | ||
| 554 | _aFour per year | ||
| 650 | 2 | 4 | _aGRUBB & ELLIS INDUSTRIAL MARKET TRENDS UNITED STATES |
| 651 | 4 |
_aUnited States _y1959- |
|
| 690 | _aPROPERTY-COMMERCIAL PROPERTY-COMMERCIAL PROPERTY MARKET | ||
| 856 | 4 | 8 |
_uhttps://www.grubb-ellis.com/Research/Reports.aspx _zView the report free of charge at www.grubb-ellis.com |
| 942 | _n0 | ||
| 999 |
_c119224 _d119224 |
||